01009cam a22003134a 450000100090000000300050000900500170001400800410003101000170007201500190008901600180010802000260012602000230015203500240017504000370019904200270023605000220026308200220028510000180030724501040032526000520042930000450048149000310052650000080055750400510056565000350061665000240065170000200067516128836NUST20170719160410.0100310s2010 enka b 001 0 eng  a 2010291850 aGBA9A27482bnb7 a0153980752Uk a9781849730204 (cased) a1849730202 (cased) a(OCoLC)ocn458734513 aUKMcUKMdYDXCPdBWKUKdBWKdDLC aukblcatcopyalccopycat00aTK2960b.T59 201004a621.31244 TIW2221 aTiwari, G. N.10aFundamentals of photovoltaic modules and their applications /cGopal Nath Tiwari and Swapnil Dubey. aCambridge :bRoyal Society of Chemistry,c2010. axx, 402 p. :bill. (some col.) ;c24 cm.0 aRSC energy series ;vno. 2 aH.B aIncludes bibliographical references and index. 0aPhotovoltaic power generation. 0aPhotovoltaic cells.1 aDubey, Swapnil.